00979nam a2200265 a 4500001000400000003001000004005001700014008004100031020001800072040002500090080002500115090002600140100003900166245016700205260005100372300001900423504002500442650002300467650002100490650002600511650002100537942001200558952013000570999001300700912BR-CuiBMT20231122231830.0231122s2016 bab 000 0 por d a9788560590131 aBR-CuiBMTcBR-CuiBMT 22007a351.94:336.148 a351.94:336.148bG635c1 aGonçalves, André Luiz de Matos 2aO controle coordenado da reserva do possível para o atendimento do mínimo existencial :bo papel dos tribunais de contas /cAndré Luiz de Matos Gonçalves. aLauro de Freitas(BA) :bJam Jurídica,c2016. a161 p.:c21 cm aInclui bibliografia. aTribunal de contas aDireitos humanos aDireitos fundamentais aControle externo 2udccLV 00102udc4070aBIBTCEMTbBIBTCEMTd2023-11-22l0o351.94:336.148 G635cpBIBTCEMT23110905r2023-11-22tEx. 1w2023-11-22yLV c912d912